Pomocník z matematiky pre 9. ročník ZŠ a 4 ročník gymnázií s osemročným štúdiom 2. zošit

Podrobná bibliografia
Hlavní autori: Berová, Zuzana, 1966- (Autor), Bero, Peter, 1950- (Autor)
Ďalší autori: Csiba, Viktor (Ilustrátor)
Médium: Kniha
Jazyk:slovenčina
PhysicalDescription:80 s. ilustr. 30 cm
Vydavateľské údaje: Bratislava Orbis Pictus Istropolitana 2012
ISBN:9788081201677
Predmet:

MARC

LEADER 00000nam a2200000 a 4500
001 vtls010460812
003 SK-MaSNL
005 20260301033406.0
008 240314s2012 xo a c f 000 0 slo
015 |a SNBA2013 
020 |a 9788081201677  |q (brož.) 
035 |a E8CCAFA1-F87F-4178-8BFC-B6D9DF03AFE3 
035 |a urn:nbn:sk:snk-amkbiq 
035 |a urn:nbn:sk:snk-am008bs2 
040 |a SNK  |b slo  |c SNK  |e AACR2 
041 0 |a slo 
044 |a xo  |c SK 
072 7 |a 51  |x Matematika  |2 konspekt 
072 7 |a 37.016  |x Učebné osnovy. Vyučovacie predmety. Učebnice  |2 konspekt 
080 |a 51  |2 2001 
080 |a (075.2)  |2 2001 
080 |a (075.3)  |2 2001 
080 |a (076.1)  |2 2001 
100 1 |a Berová, Zuzana,  |d 1966-  |4 aut  |9 67320 
245 1 0 |a Pomocník z matematiky pre 9. ročník ZŠ a 4 ročník gymnázií s osemročným štúdiom  |n 2. zošit  |c Zuzana Berová, Peter Bero ; [ilustroval Viktor Csiba] 
260 |a Bratislava  |b Orbis Pictus Istropolitana  |c 2012 
300 |a 80 s.  |b ilustr.  |c 30 cm 
650 0 7 |a matematika  |2 SNKPH  |9 70174 
650 0 7 |a Mathematics  |2 SNKPHeng  |9 265620 
655 7 |a učebnice základných škôl  |2 SNKPH  |9 70187 
655 7 |a učebnice stredných škôl  |2 SNKPH  |9 69323 
655 7 |a pracovné zošity  |2 SNKPH  |9 70188 
655 7 |a Textbooks (elementary)  |2 SNKPHeng  |9 276977 
655 7 |a Textbooks (secondary)  |2 SNKPHeng  |9 276359 
655 7 |a Activity books  |2 SNKPHeng  |9 302885 
700 1 |a Bero, Peter,  |d 1950-  |4 aut  |9 215146 
700 1 |a Csiba, Viktor  |4 ill  |9 213396 
852 |a Štátna vedecká knižnica v Banskej Bystrici 
919 |a 978-80-8120-167-7 
999 |c 580013  |d 581943 
952 |a SNK  |b SNK  |y PREZ  |7 0  |p 17A1059867  |o snkSB 84274/2  |i snk2013/167  |8 0  |0 0  |1 0  |4 0  |d 2013-01-03  |f 1  |l 0  |r 2025-05-06 00:00:00  |w 2026-02-23 
952 |a SNK  |b SNK  |y VYP  |7 0  |p 17A1059868  |o snkSB 84274/2 D1  |i snk2013/168  |8 0  |0 0  |1 0  |4 0  |d 2013-01-03  |l 0  |r 2016-06-30 00:00:00  |w 2026-02-23